Derecho del trabajo (vol II)/ (Registro nro. 8158)
[ vista simple ]
| 000 -LEADER | |
|---|---|
| fixed length control field | 00910nam a2200193Ia 4500 |
| 005 - FECHA Y HORA DE LA ÚLTIMA TRANSACCIÓN | |
| control field | 20230517152819.0 |
| 008 - FIXED-LENGTH DATA ELEMENTS--GENERAL INFORMATION | |
| fixed length control field | 230508s9999 xx 000 0 und d |
| 040 ## - CATALOGING SOURCE | |
| Original cataloging agency | UPAN |
| Transcribing agency | Biblioteca San Vicente |
| Description conventions | RCAA2 |
| 041 ## - LANGUAGE CODE | |
| Language code of text/sound track or separate title | spa |
| 082 ## - DEWEY DECIMAL CLASSIFICATION NUMBER | |
| Classification number | 344.01 |
| Item number | F477d |
| 100 ## - MAIN ENTRY--PERSONAL NAME | |
| Personal name | De Ferrari, Francisco |
| Relator code | aut. |
| 245 #0 - TITLE STATEMENT | |
| Title | Derecho del trabajo (vol II)/ |
| Remainder of title | Francisco De Ferrari |
| 250 ## - EDITION STATEMENT | |
| Edition statement | 2° ed. |
| 260 ## - PUBLICATION, DISTRIBUTION, ETC. (IMPRINT) | |
| Place of publication, distribution, etc | Buenos Aires: |
| Name of publisher, distributor, etc | DePalma, |
| Date of publication, distribution, etc | 1977 |
| 300 ## - PHYSICAL DESCRIPTION | |
| Extent | 551 p.: |
| Dimensions | 23 cm. |
| 505 ## - FORMATTED CONTENTS NOTE | |
| Formatted contents note | Parte primera. Relaciones individuales del trabajo<br/>Capitulo I. Los contratos<br/>Capitulo II. Del contrato de trabajo<br/>Capitulo III. Las obligaciones de las partes<br/>Parte segunda. De la suspensiòn y extinciòn del contrato de trabajo<br/>Capitulo I. De la suspensiòn del contrato<br/>Capitulo II. De la extinciòn del contrato<br/>Capitulo III. Normas o regìmenes especiales de despido |
| 650 ## - SUBJECT ADDED ENTRY--TOPICAL TERM | |
| Source of heading or term | LEMB |
| Topical term or geographic name as entry element | Derecho al trabajo |
| 942 ## - ADDED ENTRY ELEMENTS (KOHA) | |
| Koha item type | Libros |
| Source of classification or shelving scheme | Dewey Decimal Classification |
| Withdrawn status | Lost status | Source of classification or shelving scheme | Damaged status | Not for loan | Collection code | Home library | Current library | Date acquired | Total Checkouts | Full call number | Barcode | Date last seen | Price effective from | Koha item type |
|---|---|---|---|---|---|---|---|---|---|---|---|---|---|---|
| Dewey Decimal Classification | Colección General | Biblioteca UPAN San Vicente | Biblioteca UPAN San Vicente | 08/05/2023 | 344.01 F477d | 12000671 | 08/05/2023 | 08/05/2023 | Libros |